000
00276nam a22001337a 4500
008
170331b xxu||||| |||| 00| 0 eng d
020
_a
039750604X
041
_a
eng
080
_a
617
100
_a
8
101
_a
SHM
245
_a
ORTHOPAEDICS
_c
TUREK, S.L
942
_2
udc
_c
BK
999
_c
9295
_d
9295